| 000 | 00601nam a2200205Ia 4500 | ||
|---|---|---|---|
| 001 | 17919 | ||
| 003 | GE_BSU | ||
| 008 | 181216s||||||||xx |||||||||||||| ||und|| | ||
| 040 | _cGE_BSU | ||
| 080 | _a821.353.1-1 | ||
| 100 | _aკალაძე, კ. | ||
| 245 | _aლირიკა | ||
| 245 | _cრედ.ნ. ნანიტაშვილი. მხატვ. ე.ამაშუკელი | ||
| 260 | _aთბილისი | ||
| 260 | _bსაბჭ. საქართველო | ||
| 260 | _c1965 | ||
| 300 | _a151გვ. ; 22სმ. | ||
| 653 | _aლირიკა. | ||
| 942 | _cBK | ||
| 999 |
_c50962 _d50962 |
||